[Event "Campeonato Brasileiro Amador 2016 U2000"]
[Site "Esporte Clube Pinheiros"]
[Date "2016.05.27"]
[Round "4.28"]
[White "Arruda Filho, Ivo Pereira De"]
[Black "Duailibe, Ricardo Miguel"]
[Result "0-1"]
[WhiteElo "1827"]
[BlackElo "1900"]
[PlyCount "92"]
[EventDate "2016.05.26"]

1. Nf3 c5 2. g3 Nc6 3. Bg2 e5 4. d3 g6 5. O-O Bg7 6. c3 Nge7 7. e4 O-O 8. Be3
Qb6 9. Qc2 d6 10. Na3 h6 11. Nc4 Qd8 12. Qd2 Kh7 13. Rfd1 f5 14. Qc2 g5 15. Bc1
Be6 16. Ne3 f4 17. Nf1 Ng6 18. gxf4 gxf4 19. N1d2 Rc8 20. h3 Bf6 21. Kh2 Rg8
22. Rg1 Qd7 23. Qd1 Rg7 24. b3 Rcg8 25. Bb2 Nh4 26. Nxh4 Bxh4 27. Qf1 Rxg2+ 28.
Rxg2 Bxh3 29. Rg7+ Rxg7 30. Qxh3 Qxh3+ 31. Kxh3 Bxf2 32. Nc4 Rg3+ 33. Kh2 Rxd3
34. Rf1 Bg3+ 35. Kh1 b5 36. Na3 a6 37. c4 b4 38. Nb1 Nd4 39. Bxd4 Rxd4 40. Kg2
Kg6 41. Kf3 Kg5 42. Rg1 h5 43. Rg2 h4 44. Rd2 h3 45. Rxd4 exd4 46. a3 Be1 0-1

[Event "Campeonato Brasileiro Amador 2016 U2000"]
[Site "Esporte Clube Pinheiros"]
[Date "2016.05.27"]
[Round "4.29"]
[White "Jenidarchiche, Douglas Rodrigo"]
[Black "Leon Lopes, Sergio Amadeus"]
[Result "0-1"]
[WhiteElo "1792"]
[BlackElo "1885"]
[PlyCount "190"]
[EventDate "2016.05.26"]

1. b3 d5 2. Bb2 c5 3. e3 Nf6 4. Nf3 Nc6 5. h3 Qc7 6. Be2 e5 7. d4 cxd4 8. exd4
e4 9. Nfd2 e3 10. fxe3 Qg3+ 11. Kf1 Qxe3 12. Bf3 Bd6 13. Qe2 Qxe2+ 14. Kxe2 O-O
15. Kf2 Re8 16. Na3 Bxa3 17. Bxa3 Nxd4 18. Bb2 Nxf3 19. Nxf3 Ne4+ 20. Kg1 Bf5
21. g4 Bd7 22. Rd1 Bc6 23. Bd4 Ng3 24. Rh2 Ne2+ 25. Kf1 Nxd4 26. Nxd4 Re4 27.
Re2 Rxe2 28. Kxe2 Re8+ 29. Kf3 Kf8 30. Rd3 Re4 31. b4 a6 32. Nxc6 bxc6 33. a3
Ke7 34. Rc3 Kd6 35. Rc5 Kc7 36. c3 Re1 37. Kf2 Ra1 38. Ra5 Kb6 39. Kf3 Rh1 40.
Kg2 Rb1 41. c4 dxc4 42. Rc5 Rb2+ 43. Kg1 Rb3 44. Rxc4 Rxa3 45. h4 Rb3 46. Rf4
f6 47. Kf2 Kb5 48. g5 Rxb4 49. Rf5+ c5 50. h5 fxg5 51. Rxg5 Rf4+ 52. Ke3 Rf7
53. Kd3 a5 54. Kc3 Rf3+ 55. Kb2 Rh3 56. Kc2 a4 57. Kb2 Kb4 58. Rxg7 Rxh5 59.
Rb7+ Kc4 60. Ra7 Kb5 61. Rb7+ Kc6 62. Ra7 Rh4 63. Ka3 h5 64. Rh7 Kd6 65. Rh8
Ke6 66. Rc8 Rc4 67. Rh8 h4 68. Rh5 Kf6 69. Rh8 Kg5 70. Rg8+ Kf4 71. Rf8+ Kg3
72. Rg8+ Rg4 73. Rc8 c4 74. Kxa4 h3 75. Rd8 h2 76. Rd1 Kh3 77. Rc1 Rg1 78. Rc3+
Kg2 79. Rc2+ Kg3 80. Rc3+ Kf4 81. Rxc4+ Ke5 82. Rc5+ Kd6 83. Rh5 h1=Q 84. Rxh1
Rxh1 85. Kb4 Rc1 86. Kb3 Kd5 87. Kb2 Rc8 88. Kb3 Kd4 89. Kb2 Kd3 90. Ka3 Rb8
91. Ka4 Kc4 92. Ka5 Rb1 93. Ka6 Kc5 94. Ka7 Kc6 95. Ka8 Kc7 0-1

[Event "Campeonato Brasileiro Amador 2016 U2000"]
[Site "Esporte Clube Pinheiros"]
[Date "2016.05.27"]
[Round "4.30"]
[White "Reis, Virginia Lagrange M"]
[Black "Reboucas, Deive Pacheco"]
[Result "0-1"]
[WhiteElo "1776"]
[BlackElo "1882"]
[PlyCount "60"]
[EventDate "2016.05.26"]

1. e4 g6 2. d4 Bg7 3. Be3 d6 4. Nc3 c6 5. Qd2 Nf6 6. Be2 O-O 7. Bh6 b5 8. a3 a6
9. h4 c5 10. Bxg7 Kxg7 11. f3 cxd4 12. Qxd4 Nc6 13. Qd2 h5 14. g4 Rh8 15. g5
Nd7 16. Nxb5 axb5 17. Qc3+ Nde5 18. b4 Qb6 19. Rd1 Kh7 20. f4 Nc4 21. Bxc4 bxc4
22. Ne2 Qa6 23. Ra1 Bg4 24. Ng3 e5 25. Rf1 Rhf8 26. f5 Nd4 27. Kd2 Qc6 28. f6
Nb5 29. Qe3 c3+ 30. Kc1 Nxa3 0-1

[Event "Campeonato Brasileiro Amador 2016 U2000"]
[Site "Esporte Clube Pinheiros"]
[Date "2016.05.27"]
[Round "4.32"]
[White "Sato, Luiz Henrique Yuzo T"]
[Black "Aoyama, Edmundo"]
[Result "0-1"]
[WhiteElo "1407"]
[BlackElo "1797"]
[PlyCount "136"]
[EventDate "2016.05.26"]

1. d4 Nf6 2. Nf3 g6 3. Bf4 d6 4. e3 Bg7 5. Bc4 O-O 6. h3 Nbd7 7. Nbd2 c5 8. c3
a6 9. a4 b6 10. O-O Bb7 11. Qb3 h6 12. Rfe1 d5 13. Be2 e6 14. Bd6 c4 15. Qb4
Re8 16. a5 b5 17. Ne5 Nb8 18. f3 Nfd7 19. Nxd7 Qxd7 20. e4 e5 21. dxe5 Nc6 22.
Qc5 Rac8 23. Qa3 Nxe5 24. f4 Nd3 25. Bxd3 cxd3 26. Rad1 dxe4 27. Re3 f5 28.
Qb3+ Qf7 29. Qxf7+ Kxf7 30. h4 h5 31. Bb4 Bf6 32. g3 Bd5 33. Kf2 Be7 34. Bxe7
Rxe7 35. Rc1 Rec7 36. Ke1 b4 37. Nb1 Ba2 38. Nd2 bxc3 39. bxc3 Rxc3 40. Ra1
Rc1+ 41. Rxc1 Rxc1+ 42. Kf2 Ke6 43. Re1 Rxe1 44. Kxe1 e3 45. Nf3 d2+ 46. Nxd2
exd2+ 47. Kxd2 Kd5 48. Kd3 Bb1+ 49. Ke3 Be4 50. Kd2 Kc4 51. Ke3 Kb4 52. Kd4
Kxa5 53. Kc3 Kb5 54. Kb3 Kc5 55. Kc3 a5 56. Kb3 Kd4 57. Ka4 Ke3 58. Kxa5 Kf3
59. Kb4 Kxg3 60. Kc4 Kxh4 61. Kd4 Kg3 62. Ke3 h4 63. Ke2 Bg2 64. Ke3 h3 65. Ke2
h2 66. Ke3 h1=Q 67. Ke2 Kxf4 68. Kf2 Qf1# 0-1

[Event "Campeonato Brasileiro Amador 2016 U2000"]
[Site "Esporte Clube Pinheiros"]
[Date "2016.05.27"]
[Round "4.34"]
[White "Teshima, Ricardo Yoshida"]
[Black "De Freitas, Rames Fialho"]
[Result "1-0"]
[WhiteElo "1813"]
[BlackElo "1935"]
[PlyCount "87"]
[EventDate "2016.05.26"]

1. Nf3 Nf6 2. b3 d6 3. d4 Bg4 4. Nbd2 Nbd7 5. Bb2 c5 6. e3 cxd4 7. exd4 g6 8.
h3 Bxf3 9. Nxf3 Qa5+ 10. Qd2 Qxd2+ 11. Nxd2 Bg7 12. g3 O-O 13. Bg2 d5 14. O-O
e6 15. c4 Rac8 16. Rac1 Bh6 17. f4 g5 18. fxg5 Bxg5 19. Rf2 Be3 20. Kf1 Nh5 21.
Ke2 Bxf2 22. Kxf2 Nhf6 23. c5 Rfe8 24. b4 e5 25. Nb3 e4 26. Ke3 Nh5 27. g4 Ng7
28. Bf1 Rf8 29. Na5 b6 30. Nb7 f5 31. c6 f4+ 32. Kf2 e3+ 33. Kf3 Nb8 34. c7 Ne6
35. cxb8=Q Ng5+ 36. Ke2 Rxb8 37. Nd6 Rbd8 38. Nf5 Rfe8 39. Bg2 f3+ 40. Bxf3
Nxh3 41. Nxe3 Ng5 42. Bg2 Re7 43. Kd3 Ne4 44. Rf1 1-0

[Event "Campeonato Brasileiro Amador 2016 U2000"]
[Site "Esporte Clube Pinheiros"]
[Date "2016.05.27"]
[Round "4.35"]
[White "Caporale, Giuseppe Guido"]
[Black "Gomes, Marco Tulio Caldeira"]
[Result "0-1"]
[WhiteElo "1738"]
[BlackElo "1821"]
[PlyCount "90"]
[EventDate "2016.05.26"]

1. Nf3 Nf6 2. c4 Nc6 3. d4 e6 4. Nc3 Bb4 5. Qc2 d5 6. e3 O-O 7. Bd3 dxc4 8.
Bxc4 b6 9. O-O Bb7 10. a3 Bxc3 11. Qxc3 a6 12. Qc2 Qe7 13. Bd2 Rfd8 14. Rad1 b5
15. Bd3 h6 16. Bc1 e5 17. Bf5 exd4 18. exd4 Nd5 19. Rfe1 Qf6 20. Ne5 Nce7 21.
Be4 Rac8 22. g3 Qb6 23. Bg2 c5 24. dxc5 Rxc5 25. Qe2 Qc7 26. Qh5 Nc6 27. Nxc6
Qxc6 28. Be3 Rc2 29. Bd4 Qg6 30. Qxg6 fxg6 31. Re7 Nxe7 32. Bxb7 Rc7 33. Bxa6
Rcd7 34. Re1 Rxd4 35. Rxe7 b4 36. a4 Rd1+ 37. Kg2 Rf8 38. Bc4+ Kh7 39. Rf7 Rxf7
40. Bxf7 h5 41. h4 Kh6 42. Kf3 g5 43. Ke2 Rd7 44. hxg5+ Kxg5 45. Bc4 Kf6 {
Ilegível 1/2-1/2 (45) Caporale,G (1738)-Gomes,M (1821) Esporte Clube
Pinheiros 2016} 0-1

[Event "Campeonato Brasileiro Amador 2016 U2000"]
[Site "Esporte Clube Pinheiros"]
[Date "2016.05.28"]
[Round "5.1"]
[White "Milanez, Eduardo Medeiros"]
[Black "Rocha, Arthur Ferreira"]
[Result "1-0"]
[WhiteElo "1885"]
[BlackElo "1962"]
[PlyCount "154"]
[EventDate "2016.05.26"]

1. c4 Nf6 2. g3 c5 3. Nc3 Nc6 4. Bg2 g6 5. Nf3 Bg7 6. O-O O-O 7. d4 d6 8. b3
cxd4 9. Nxd4 Nxd4 10. Qxd4 Bf5 11. Bb2 Ne4 12. Qe3 Nc5 13. Qd2 Qa5 14. Rfd1 Qd8
15. Rac1 Rb8 16. b4 Nd7 17. Nd5 b5 18. Bxg7 Kxg7 19. cxb5 Rxb5 20. Qd4+ Nf6 21.
Nxf6 exf6 22. Bc6 Re5 23. Rd2 Qe7 24. e3 Rc8 25. a4 d5 26. b5 Re4 27. Qa1 Qb4
28. Rd4 Rxd4 29. Qxd4 Qxd4 30. exd4 Bd7 31. Rc5 Be6 32. Bb7 Re8 33. f4 Kf8 34.
Bxd5 Bxd5 35. Rxd5 Re1+ 36. Kf2 Ra1 37. Rd8+ Ke7 38. Ra8 Rxa4 39. b6 Rb4 40.
Rxa7+ Kd6 41. d5 Kxd5 42. Rxf7 Rxb6 43. Rxh7 Ke4 44. Re7+ Kf5 45. h3 g5 46.
fxg5 fxg5 47. Kf3 Rb3+ 48. Re3 Rb4 49. Ra3 Ke5 50. Ra8 Kf6 51. Re8 Kf7 52. Re4
Rb3+ 53. Kg4 Kf6 54. Ra4 Rb5 55. Kh5 Kf5 56. Ra8 Kf6 57. Rg8 Rb7 58. Rg6+ Kf5
59. Rxg5+ Kf6 60. Rg6+ Kf5 61. g4+ Kf4 62. Rf6+ Kg3 63. g5 Rh7+ 64. Rh6 Rg7 65.
g6 Kxh3 66. Rh7 Rg8 67. Kh6 Kg4 68. Rf7 Rh8+ 69. Kg7 Ra8 70. Rf8 Ra7+ 71. Kh8
Ra5 72. g7 Rh5+ 73. Kg8 Rb5 74. Kh7 Rh5+ 75. Kg6 Rg5+ 76. Kf6 Rf5+ 77. Ke6 Re5+
1-0

[Event "Campeonato Brasileiro Amador 2016 U2000"]
[Site "Esporte Clube Pinheiros"]
[Date "2016.05.28"]
[Round "5.2"]
[White "Da Silva Junior, Sediney Mari"]
[Black "Hirota Da Silva, Nilton"]
[Result "1/2-1/2"]
[WhiteElo "1998"]
[BlackElo "1946"]
[PlyCount "134"]
[EventDate "2016.05.26"]

1. e4 c6 2. d4 d6 3. Nc3 e5 4. dxe5 dxe5 5. Qxd8+ Kxd8 6. f4 Nd7 7. Bc4 f6 8.
Nf3 Bd6 9. f5 b5 10. Be6 Nc5 11. Bxc8 Kxc8 12. Be3 Kc7 13. O-O-O Nb7 14. g4 Ne7
15. g5 Bc5 16. Kd2 Rad8+ 17. Ke2 Nc8 18. h4 Ncd6 19. Nd2 Rd7 20. Bxc5 Nxc5 21.
b4 Na4 22. Nxa4 bxa4 23. Rh3 Rhd8 24. Rd3 Nb5 25. Nb1 Nd4+ 26. Kd2 fxg5 27.
hxg5 Nf3+ 28. Ke3 Nxg5 29. Nc3 Rxd3+ 30. cxd3 a3 31. b5 Rb8 32. Rc1 cxb5 33.
Nxb5+ Kd8 34. Rc5 Nf7 35. Nxa3 Rb2 36. Nc4 Rxa2 37. Nxe5 Nxe5 38. Rxe5 a5 39.
f6 gxf6 40. Rh5 Ke7 41. Rxh7+ Ke6 42. d4 Ra1 43. d5+ Kd6 44. Ra7 a4 45. Ra6+
Ke7 46. Ra7+ Ke8 47. Kd4 a3 48. Kc5 a2 49. Kd6 Re1 50. Rxa2 Rxe4 51. Rf2 Kf7
52. Kc7 Ra4 53. d6 Rc4+ 54. Kd8 Rc5 55. d7 f5 56. Rf4 Kf6 57. Ke8 Re5+ 58. Kd8
Rc5 59. Rf1 Rc4 60. Re1 f4 61. Ke8 Rd4 62. d8=Q+ Rxd8+ 63. Kxd8 Kf5 64. Kd7 f3
65. Kd6 Kf4 66. Kd5 f2 67. Rd1 Kf3 1/2-1/2

[Event "Campeonato Brasileiro Amador 2016 U2000"]
[Site "Esporte Clube Pinheiros"]
[Date "2016.05.28"]
[Round "5.3"]
[White "Deste, Dayan Kuhn"]
[Black "Rodrigo Da Silva, Edson"]
[Result "0-1"]
[WhiteElo "1966"]
[BlackElo "1946"]
[PlyCount "86"]
[EventDate "2016.05.26"]

1. e4 e5 2. Nf3 Nc6 3. Bc4 Nf6 4. d3 Be7 5. Nc3 d6 6. h3 O-O 7. O-O Na5 8. Bb3
Nxb3 9. axb3 h6 10. Be3 c5 11. Nd2 d5 12. exd5 Nxd5 13. Nde4 Nxe3 14. fxe3 f5
15. Nd2 Be6 16. Qf3 Qd7 17. Nc4 Bf6 18. Ra5 e4 19. Qe2 b6 20. Ra6 exd3 21. cxd3
Rad8 22. e4 Qxd3 23. Qxd3 Rxd3 24. e5 Bxc4 25. bxc4 Bxe5 26. Rxa7 Bxc3 27. bxc3
Rxc3 28. Rd1 Rf6 29. Rdd7 Rg3 30. Kf2 f4 31. Rab7 Kh7 32. h4 Rfg6 33. h5 R6g5
34. Rxb6 Rxh5 35. Rc6 Rh2 36. Rxc5 Rhxg2+ 37. Kf1 Rc2 38. Rcc7 f3 39. Rf7 h5
40. c5 Kh6 41. Rc6+ g6 42. Rc8 Rh3 43. Kg1 Rg2+ 0-1

[Event "Campeonato Brasileiro Amador 2016 U2000"]
[Site "Esporte Clube Pinheiros"]
[Date "2016.05.28"]
[Round "5.4"]
[White "Nicolini, Paulo Giovanni De A"]
[Black "Ikejiri, Daniel Yoshito"]
[Result "0-1"]
[WhiteElo "1943"]
[BlackElo "1965"]
[PlyCount "110"]
[EventDate "2016.05.26"]

1. e4 c5 2. Nf3 Nc6 3. d4 cxd4 4. Nxd4 Nf6 5. Nc3 e5 6. Ndb5 d6 7. Bg5 a6 8.
Na3 b5 9. Nd5 Be7 10. Bxf6 Bxf6 11. c4 b4 12. Nc2 a5 13. g3 O-O 14. Bg2 Rb8 15.
b3 Bg5 16. O-O Ne7 17. Nce3 Bxe3 18. Nxe3 Nc6 19. Nc2 Qb6 20. Qd2 Be6 21. Rac1
Rfd8 22. Kh1 f6 23. f4 a4 24. f5 Bf7 25. g4 h6 26. h4 Kf8 27. Rf3 axb3 28. axb3
Na5 29. Rd3 Nb7 30. g5 hxg5 31. hxg5 Ke7 32. g6 Nc5 33. Rh3 Rh8 34. gxf7 Rxh3+
35. Bxh3 Nxb3 36. Qd5 Nxc1 37. Qe6+ Kf8 38. Bg4 Qd8 39. Ne3 Nd3 40. Ng2 Nf2+
41. Kg1 Nxg4 42. Nh4 Qb6+ 43. Kh1 g5 44. fxg6 Qf2 45. g7+ Kxg7 46. Qxg4+ Kxf7
47. Qd7+ Kg8 48. Qg4+ Kf8 49. Nf5 Rb7 50. Qg6 Qf1+ 51. Kh2 Qf4+ 52. Kh1 Qg5 53.
Qxg5 fxg5 54. Nxd6 b3 55. Nxb7 b2 0-1

[Event "Campeonato Brasileiro Amador 2016 U2000"]
[Site "Esporte Clube Pinheiros"]
[Date "2016.05.28"]
[Round "5.5"]
[White "Pritsopoulos, Constantino"]
[Black "Farias, Jose Nogueira De"]
[Result "1-0"]
[WhiteElo "1954"]
[BlackElo "1941"]
[PlyCount "87"]
[EventDate "2016.05.26"]

1. e4 Nf6 2. e5 Nd5 3. c4 Nb6 4. d4 d6 5. f4 dxe5 6. fxe5 Nc6 7. Be3 Bf5 8. Be2
e6 9. Nf3 Be7 10. O-O O-O 11. Nc3 Bg6 12. a3 Qd7 13. d5 exd5 14. cxd5 Nb8 15.
Qd4 Rd8 16. Rad1 Bc2 17. Rd2 Bb3 18. Bb5 c6 19. dxc6 Nxc6 20. Qe4 Qc7 21. Rdf2
Nd5 22. Bd3 g6 23. Nb5 Qd7 24. Bh6 Bc5 25. Nd6 Bxd6 26. exd6 Qxd6 27. Ng5 f5
28. Qh4 Ne3 29. Bg7 h5 30. Be2 Kxg7 31. Re1 Qd2 32. Rf3 Ne5 33. Rh3 Qd4 34.
Qxd4 Rxd4 35. Rxe3 Nf7 36. Rxb3 Nxg5 37. Rxb7+ Kf6 38. b4 Rd2 39. Bc4 Rc2 40.
Bb3 Rc3 41. Rb1 Ne4 42. Rf7+ Kg5 43. Bd5 Rxa3 44. Bxa8 1-0

[Event "Campeonato Brasileiro Amador 2016 U2000"]
[Site "Esporte Clube Pinheiros"]
[Date "2016.05.28"]
[Round "5.6"]
[White "Da Silva, Mikhail Zoltan Iwan"]
[Black "Dos Reis, Leandro Aparecido C"]
[Result "1-0"]
[WhiteElo "1939"]
[BlackElo "1953"]
[PlyCount "64"]
[EventDate "2016.05.26"]

1. e4 e6 2. d4 d5 3. Nc3 Nf6 4. Bg5 Be7 5. e5 Nfd7 6. Bxe7 Qxe7 7. f4 a6 8. Nf3
c5 9. Be2 Nc6 10. Qd2 b5 11. a3 O-O 12. O-O Bb7 13. Kh1 Nb6 14. Rad1 Rac8 15.
Qe3 cxd4 16. Nxd4 Qc5 17. Rf3 Nxd4 18. Rxd4 Nd7 19. f5 Qc7 20. f6 Qxe5 21. fxg7
Rfe8 22. Qh6 f5 23. Rh4 Nf6 24. Re3 Qc7 25. Qxf6 Qf7 26. Qxf7+ Kxf7 27. Bh5+
Kxg7 28. Bxe8 Rxe8 29. Reh3 Rh8 30. Rh6 Bc8 31. Ne2 e5 32. Rc6 f4 1-0

[Event "Campeonato Brasileiro Amador 2016 U2000"]
[Site "Esporte Clube Pinheiros"]
[Date "2016.05.28"]
[Round "5.7"]
[White "Polonio, Rodolfo"]
[Black "Rapouso, Ricardo Luis Borba"]
[Result "1/2-1/2"]
[WhiteElo "1952"]
[BlackElo "1937"]
[PlyCount "102"]
[EventDate "2016.05.26"]

1. d4 d5 2. c4 e6 3. Nf3 c6 4. Qc2 f5 5. g3 Bd6 6. Bg2 Nf6 7. O-O O-O 8. Nc3
Nbd7 9. cxd5 exd5 10. Qxf5 Ne5 11. Qc2 Nxf3+ 12. Bxf3 Bh3 13. Bg2 Qd7 14. Bg5
h6 15. Bxf6 Rxf6 16. f3 Bxg2 17. Kxg2 Raf8 18. e4 Qf7 19. Qe2 dxe4 20. fxe4
Rxf1 21. Rxf1 Qxf1+ 22. Qxf1 Rxf1 23. Kxf1 h5 24. Kg2 Kf7 25. h3 Ke6 26. Kf3 g5
27. g4 h4 28. e5 Be7 29. Ke4 Bb4 30. Kd3 c5 31. Ke4 cxd4 32. Kxd4 Ba5 33. Na4
Bb4 34. a3 Be7 35. b4 b6 36. Nc3 a5 37. bxa5 bxa5 38. a4 Ba3 39. Ne4 Bb2+ 40.
Kc4 Kxe5 41. Nxg5 Kf4 42. Ne6+ Kg3 43. g5 Kxh3 44. Nd4 Bc1 45. g6 Bh6 46. Nf5
Bf8 47. Kb5 Kg4 48. Nxh4 Kxh4 49. Kxa5 Kh5 50. Kb6 Kxg6 51. a5 Bh6 1/2-1/2

[Event "Campeonato Brasileiro Amador 2016 U2000"]
[Site "Esporte Clube Pinheiros"]
[Date "2016.05.28"]
[Round "5.8"]
[White "Dias, Joao Batista"]
[Black "Ferreira Jr, Walter"]
[Result "0-1"]
[WhiteElo "1921"]
[BlackElo "1954"]
[PlyCount "122"]
[EventDate "2016.05.26"]

1. g3 d5 2. Bg2 Nf6 3. Nf3 Bf5 4. d3 e6 5. O-O Be7 6. b3 h6 7. Bb2 O-O 8. Nbd2
Nbd7 9. Re1 Bh7 10. a4 c6 11. a5 Re8 12. Qc1 Bb4 13. a6 b6 14. c3 Bf8 15. c4
Rc8 16. e4 Nc5 17. Qc2 dxe4 18. dxe4 Qd3 19. Qd1 Red8 20. Bxf6 gxf6 21. Re3 Qd7
22. Qe2 e5 23. Qf1 Ne6 24. Bh3 Bb4 25. Ra2 Qe7 26. Rd3 Rxd3 27. Qxd3 Rd8 28.
Qe3 Kg7 29. Nh4 Qd7 30. Nf1 Qd3 31. Bf5 Qxe3 32. Nxe3 Rd3 33. c5 Bxc5 34. Nc4
Rxb3 35. Rd2 Nd4 36. Bxh7 Kxh7 37. Kg2 Rc3 38. Nb2 Rc2 39. Rxc2 Nxc2 40. Na4
Nb4 41. Nxc5 bxc5 42. Kf3 c4 43. Ke3 Nxa6 44. Kd2 Nc5 45. f3 Na4 46. Nf5 Nb6
47. Ne7 c5 48. Nc6 a6 49. Kc3 h5 50. h4 Kg7 51. Na5 Na4+ 52. Kxc4 Nb2+ 53. Kxc5
Nd3+ 54. Kd5 Ne1 55. f4 exf4 56. gxf4 Ng2 57. f5 Nxh4 58. Nc4 Nf3 59. Ne3 h4
60. Ng4 h3 61. e5 Nxe5 0-1

[Event "Campeonato Brasileiro Amador 2016 U2000"]
[Site "Esporte Clube Pinheiros"]
[Date "2016.05.28"]
[Round "5.9"]
[White "Desideri, Ricardo Maruchi"]
[Black "Almeida Junior, Waldomiro Carl"]
[Result "0-1"]
[WhiteElo "1950"]
[BlackElo "1872"]
[PlyCount "86"]
[EventDate "2016.05.26"]

1. e4 Nc6 2. d4 d5 3. Nc3 dxe4 4. d5 Nb8 5. Nxe4 c6 6. Bf4 Qxd5 7. Qxd5 cxd5 8.
Nc3 e6 9. O-O-O a6 10. Na4 Nd7 11. c4 dxc4 12. Rxd7 Bxd7 13. Nb6 Rd8 14. Bc7
Bc5 15. Bxd8 Kxd8 16. Nxc4 Bxf2 17. Nh3 Bd4 18. Nd6 Ke7 19. Nxb7 Nf6 20. Na5
Nd5 21. Nb3 Be3+ 22. Kb1 e5 23. Bxa6 Bf5+ 24. Ka1 Nb4 25. Bb7 Rb8 26. Na5 Rxb7
27. Nxb7 Be4 28. Na5 Bxg2 29. a3 Bxh1 30. axb4 g5 31. Nc4 Bf4 32. Nxf4 exf4 33.
Ne5 f3 34. Ng4 f5 35. Nf2 Bg2 36. Kb1 h5 37. Kc2 g4 38. Kd2 f4 39. Ne4 h4 40.
Nf2 g3 41. hxg3 fxg3 42. Ke1 gxf2+ 43. Kxf2 Kd6 0-1

[Event "Campeonato Brasileiro Amador 2016 U2000"]
[Site "Esporte Clube Pinheiros"]
[Date "2016.05.28"]
[Round "5.10"]
[White "Bail, Ellen Larissa"]
[Black "Sa, Antonio Villar Marq"]
[Result "1-0"]
[WhiteElo "1851"]
[BlackElo "1933"]
[PlyCount "75"]
[EventDate "2016.05.26"]

1. d4 Nf6 2. c4 e6 3. Nc3 d5 4. Nf3 c6 5. g3 Be7 6. Bg2 Nbd7 7. Qc2 O-O 8. O-O
Re8 9. Rd1 Nf8 10. e4 dxc4 11. Ne5 Ng6 12. Nxc4 b5 13. Ne3 Qb6 14. a4 a5 15.
axb5 cxb5 16. e5 Bb7 17. exf6 Bxf6 18. Bxb7 Qxb7 19. Qe4 Qb6 20. Ng2 b4 21. Na4
Qb5 22. b3 Rad8 23. Be3 Ne7 24. Rac1 Nf5 25. Rc5 Qa6 26. Rd2 Rc8 27. Qd3 Qa7
28. Rcc2 Rcd8 29. d5 Nxe3 30. Nxe3 Bg5 31. d6 e5 32. Rd1 Qd4 33. Qf5 Bxe3 34.
Rxd4 Bxd4 35. d7 Re7 36. Rc8 Rexd7 37. Qxd7 Rxc8 38. Qxc8# 1-0

[Event "Campeonato Brasileiro Amador 2016 U2000"]
[Site "Esporte Clube Pinheiros"]
[Date "2016.05.28"]
[Round "5.11"]
[White "Baba, Renato"]
[Black "Peixoto, Helio Ricardo Souti"]
[Result "0-1"]
[WhiteElo "1858"]
[BlackElo "1913"]
[PlyCount "82"]
[EventDate "2016.05.26"]

1. c4 e5 2. Nc3 Nf6 3. g3 d5 4. cxd5 Nxd5 5. Bg2 Be6 6. d3 Nc6 7. Nf3 Bc5 8.
O-O O-O 9. Bd2 h6 10. Ne4 Bb6 11. Rc1 Qe7 12. Rxc6 bxc6 13. Nxe5 Bd7 14. Nxd7
Qxd7 15. Qa4 f5 16. Nc3 Rad8 17. Qc4 Kh8 18. Na4 f4 19. Nc5 Qe7 20. Ne4 fxg3
21. hxg3 Nf6 22. Bb4 c5 23. Bc3 Nd5 24. Bd2 c6 25. Bf3 Qe5 26. Bc1 Nc7 27. Kg2
Ne6 28. Bg4 Nd4 29. b3 Qd5 30. Qc3 Nb5 31. Qa1 Nd4 32. Rh1 Bc7 33. Bb2 Rf6 34.
e3 Rg6 35. Bh5 Rg5 36. exd4 Rxh5 37. Rxh5 Qxh5 38. dxc5 Rd7 39. Qf1 Qd5 40.
Bxg7+ Kxg7 41. Qa1+ Be5 0-1

[Event "Campeonato Brasileiro Amador 2016 U2000"]
[Site "Esporte Clube Pinheiros"]
[Date "2016.05.28"]
[Round "5.13"]
[White "Ribeiro, Allysson"]
[Black "Da Silva, Angelo Luiz"]
[Result "0-1"]
[WhiteElo "1814"]
[BlackElo "1879"]
[PlyCount "116"]
[EventDate "2016.05.26"]

1. d4 Nf6 2. c4 e6 3. Nc3 Bb4 4. e3 O-O 5. Bd3 d5 6. Nge2 b6 7. cxd5 exd5 8.
O-O Nbd7 9. Qb3 Bxc3 10. Nxc3 Bb7 11. Bd2 c5 12. Qc2 Rc8 13. Bf5 g6 14. Bh3
cxd4 15. exd4 Ne4 16. Be3 f5 17. f3 Nxc3 18. bxc3 Qc7 19. Bd2 Qc4 20. Rfe1 Rfe8
21. Bxf5 gxf5 22. Qxf5 Nf8 23. Bh6 Qxc3 24. Qg4+ Ng6 25. Rec1 Qb2 26. Qd7 Rxc1+
27. Rxc1 Re7 28. Qd8+ Kf7 29. Bg5 Qxd4+ 30. Kh1 Qb2 31. h4 h6 32. Bxh6 Qh8 33.
Qxh8 Nxh8 34. Bg5 Rd7 35. h5 d4 36. Rd1 d3 37. Kg1 Ke6 38. Kf2 Kf5 39. Bd2 Nf7
40. Re1 Rc7 41. Re8 Ba6 42. g4+ Kf6 43. Rg8 Rc2 44. Ke1 Ne5 45. Rf8+ Ke7 46.
Rf5 Nc4 47. Bb4+ Ke6 48. Rf8 d2+ 49. Bxd2 Rxd2 50. h6 Rh2 51. g5 Ne5 52. f4
Nf3+ 53. Kd1 Bd3 54. Kc1 Rc2+ 55. Kd1 Rxa2 56. Rc8 Ra1+ 57. Rc1 Rxc1+ 58. Kxc1
Bg6 0-1

[Event "Campeonato Brasileiro Amador 2016 U2000"]
[Site "Esporte Clube Pinheiros"]
[Date "2016.05.28"]
[Round "5.14"]
[White "Camara, Jose Arruda"]
[Black "Caceres, Elton Carlos"]
[Result "0-1"]
[WhiteElo "1878"]
[BlackElo "1854"]
[PlyCount "96"]
[EventDate "2016.05.26"]

1. e4 c5 2. Nf3 Nc6 3. Bb5 Qc7 4. O-O g6 5. Nc3 e6 6. d4 cxd4 7. Bxc6 dxc3 8.
Ba4 Bg7 9. bxc3 Ne7 10. Ba3 a6 11. Bd6 Qxc3 12. Rb1 b5 13. Bb3 Bb7 14. Bxe7
Kxe7 15. Re1 Rhd8 16. Re3 Qc5 17. a4 b4 18. Ne1 a5 19. Qg4 h5 20. Qg3 Bh6 21.
Nd3 Qd4 22. Qh4+ Qf6 23. Qxf6+ Kxf6 24. e5+ Ke7 25. Ree1 Rac8 26. Rbd1 d5 27.
exd6+ Rxd6 28. Ne5 Rcd8 29. Rxd6 Rxd6 30. Nc4 Rd5 31. g3 Rc5 32. Ne5 Bg7 33.
Nd3 Rc7 34. h3 Ba6 35. Nf4 Rd7 36. Nxg6+ Kd8 37. Nf4 Rd2 38. Ng2 Bd4 39. Ne3
Be2 40. Kg2 Bxe3 41. fxe3 Bg4+ 42. Kh1 Bxh3 43. e4 Bg2+ 44. Kg1 Bf3 45. Re3 Bd1
46. e5 Bxc2 47. Bxc2 Rxc2 48. Rd3+ Ke7 0-1

[Event "Campeonato Brasileiro Amador 2016 U2000"]
[Site "Esporte Clube Pinheiros"]
[Date "2016.05.28"]
[Round "5.15"]
[White "Nascimento, Pedro Henrique Alve"]
[Black "Casarin, Luis Marcio Pinhatti"]
[Result "1/2-1/2"]
[WhiteElo "1872"]
[BlackElo "1819"]
[PlyCount "118"]
[EventDate "2016.05.26"]

1. d4 Nf6 2. c4 e6 3. Nc3 d5 4. cxd5 exd5 5. Bg5 Be7 6. e3 c6 7. Bd3 O-O 8. Qc2
Nbd7 9. Nge2 Re8 10. O-O h6 11. Bh4 Ne4 12. Bxe7 Qxe7 13. Nxe4 dxe4 14. Bc4 Nb6
15. Bb3 Nd5 16. Bxd5 cxd5 17. Rac1 Bd7 18. Qb3 Bc6 19. a3 Qd7 20. Nc3 Rec8 21.
Qd1 Bb5 22. Re1 Bd3 23. Qa4 Rc6 24. h3 a6 25. Qb3 Rac8 26. Ra1 Bc4 27. Qd1 b5
28. Qh5 Rg6 29. h4 Qg4 30. Qxg4 Rxg4 31. Rac1 Bb3 32. Nb1 Rc2 33. Rxc2 Bxc2 34.
g3 Rg6 35. Nc3 Bb3 36. Rc1 Rc6 37. Kf1 Kf8 38. Ke1 Ke7 39. Ne2 Rc2 40. Rxc2
Bxc2 41. Nc1 a5 42. Kd2 Bb1 43. b4 axb4 44. axb4 Kf6 45. Ne2 g5 46. hxg5+ hxg5
47. Nc1 Kf5 48. Nb3 Ba2 49. Nc5 Bc4 50. Ke1 Kg4 51. Nd7 Kf5 52. Ne5 Ke6 53. g4
f6 54. Nc6 f5 55. gxf5+ Kxf5 56. Ne5 Ke6 57. Ng4 Kf5 58. Ne5 Ke6 59. Ng4 Kf5
1/2-1/2

[Event "Campeonato Brasileiro Amador 2016 U2000"]
[Site "Esporte Clube Pinheiros"]
[Date "2016.05.28"]
[Round "5.16"]
[White "Pimentel, Rafael Favarin G"]
[Black "Serafim Junior, Arnor"]
[Result "1/2-1/2"]
[WhiteElo "1963"]
[BlackElo "1868"]
[PlyCount "57"]
[EventDate "2016.05.26"]

1. d4 Nf6 2. c4 g6 3. Nc3 Bg7 4. e4 d6 5. h3 O-O 6. Nf3 e5 7. d5 Na6 8. Be3 Nc5
9. Nd2 a5 10. Be2 Ne8 11. g4 f5 12. gxf5 gxf5 13. a3 Nxe4 14. Ndxe4 fxe4 15.
Bg4 Nf6 16. Qe2 Rf7 17. O-O-O Qf8 18. Rdg1 Kh8 19. Rh2 Bh6 20. Rhg2 Bxe3+ 21.
fxe3 Qh6 22. Bxc8 Rxc8 23. Nxe4 Nxe4 24. Qg4 Rff8 25. Qxe4 Qxh3 26. Kd2 Rg8 27.
c5 Rxg2+ 28. Rxg2 Rg8 29. Rf2 1/2-1/2